000 00575nam a2200205 a 4500
001 BRCA_3909
005 20190320204454.0
008 120110s1921----gw-a######---#000-0#ger-#
041 _ager
044 _agw
050 4 _aQE201
_b.F74 1921
100 1 _aFreudenberg, Wilhelm.
_910162
245 1 0 _aGeologie von Mexiko, dargestellt nach der Literatur und nach eigenen forschungen
_cvon Wilhelm Freudenberg.
260 _aBerlin
_bG. Borntraeger
_c1921
300 _a232 p.
_bil.
_c25 cm.
500 _aC56
650 1 4 _aGeologĂ­a.
_910163
902 _aGFM
942 _2lcc
_cB
999 _c3636
_d3636